Inovačná aktivita podniku a jej vplyv na kvalitu procesov a produktov diplomová práca

Salvato in:
Dettagli Bibliografici
Autore principale: Maskaľová, Lucia
Ente Autore: Podnikovohospodárska fakulta EU so sídlom v Košiciach. Katedra manažmentu
Altri autori: Pudło, Patrycja
Natura: Libro
Lingua:slovacco
Pubblicazione: Košice 2011
Tags: Aggiungi Tag
Nessun Tag, puoi essere il primo ad aggiungerne!!

MARC

LEADER 00000nbm a2200000 4500
001 0139189
005 20161109101912.1
041 0 |a slo 
044 |a SK 
245 1 0 |a Inovačná aktivita podniku a jej vplyv na kvalitu procesov a produktov  |b diplomová práca  |c Lucia Maskaľová ; školiteľ: Patrycja Pudło 
264 1 |a Košice  |c 2011 
300 |a 74 s. 
100 1 |a Maskaľová, Lucia 
700 1 |a Pudło, Patrycja 
710 2 |a Podnikovohospodárska fakulta EU so sídlom v Košiciach. Katedra manažmentu